Cisco IOS WAN solutions

Αποθηκεύτηκε σε:
Λεπτομέρειες βιβλιογραφικής εγγραφής
Συγγραφή απο Οργανισμό/Αρχή: Cisco Systems, Inc
Μορφή: Βιβλίο
Γλώσσα:English
Δημοσίευση: [S.l.] : Indianapolis, IN : Cisco press ;, McMillan technical pub., c1998
Σειρά:Cisco IOS reference library
Θέματα:
Ετικέτες: Προσθήκη ετικέτας
Δεν υπάρχουν, Καταχωρήστε ετικέτα πρώτοι!

MARC

LEADER 00000nam a2200000 i 4500
001 1/1899
008 000419s1998 eng d
020 |a 157870054x 
035 |l 10060197 
040 |a GR-MY-UA  |b gre  |e aacr 
041 0 |a eng 
082 0 |a 004.67 
245 1 0 |a Cisco IOS WAN solutions /  |c Cisco systems, Inc. 
260 |a [S.l.] :   |a Indianapolis, IN :   |b Cisco press ;,   |b McMillan technical pub.,   |c c1998 
300 |a xviii, 558 p.;  |b ill.;  |c 24 cm. 
490 1 |a Cisco IOS reference library 
504 |a Includes index 
650 0 0 |a Wide area networks (Computer networks) 
650 0 0 |a Asynchronous transfer mode. 
650 0 0 |a Switched-multimegabit data service. 
650 0 0 |a Frame relay (Data transmission) 
710 2 |a Cisco Systems, Inc. 
830 0 |a Cisco IOS reference library 
852 |a INST  |b SAMOS  |e 20000419  |h 004.67 CIS  |p 005300015319  |q 005300015319  |t BK  |y 0 
901 |a BIBL3-2000-1 
909 |a Σ  |b 075154 
922 |a 3ΕΛΗ  |b 200003  |c ΤΠΕΣ/ΤΑΚΤ  |d ΠΑΠΑΣΩΤΗΡΙΟΥ 
970 |a ΓΕΝΟΥΖΟΥ  |b ΧΡΥΣΑΝΘΗ  |z 2000/04/18